MARC

LEADER 00000nam0a2200000 4500
001 321081
005 20231102003335.0
035 |a (RuTPU)RU\TPU\book\346627 
090 |a 321081 
100 |a 20160815d1971 k y0rusy50 ca 
101 0 |a rus 
102 |a KG 
105 |a a z 001zy 
200 1 |a Устойчивость смешанных комплексных соединений в растворах  |f Я. Д. Фридман [и др.]  |g Академия наук Киргизской ССР (АН КиргССР), Институт неорганической и физической химии ; под ред. Я. Д. Фридмана 
210 |a Фрунзе  |c Илим  |d 1971 
215 |a 182 с.  |c ил. 
320 |a Библиография в конце глав 
606 1 |a Комплексные соединения в растворах  |2 stltpush  |3 (RuTPU)RU\TPU\subj\15022  |9 41321 
610 1 |a устойчивость 
610 1 |a смешанные соединения 
610 1 |a серусодержащие лиганды 
610 1 |a амины 
610 1 |a металлы 
610 1 |a аминокислоты 
610 1 |a комплексоны 
610 1 |a неводные растворы 
610 1 |a библиотека А. Г. Стромберга 
675 |a 546-386-14  |v 3 
701 1 |a Фридман  |b Я. Д.  |g Яков Давидович 
701 1 |a Левина  |b М. Г.  |g Мария Григорьевна 
701 1 |a Долгашова  |b Н. В.  |g Нина Вячеславовна 
701 1 |a Данилова  |b Т. В.  |g Татьяна Владимировна 
701 1 |a Вересова  |b Р. А.  |g Римма Алексеевна 
701 1 |a Фридман  |b А. Я.  |g Александр Яковлевич 
702 1 |a Фридман  |b Я. Д.  |g Яков Давидович  |4 340 
712 0 2 |a Академия наук Киргизской ССР (АН КиргССР)  |b Институт неорганической и физической химии  |2 stltpush  |3 (RuTPU)RU\TPU\col\15888 
801 1 |a RU  |b 63413507  |c 20160815 
801 2 |a RU  |b 63413507  |c 20171004  |g RCR 
942 |c BK